Principles of Igneous and Metamorphic Petrology / (Record no. 15211)
[ view plain ]
| 000 -LEADER | |
|---|---|
| fixed length control field | 01605cam a2200385 a 4500 |
| 001 - CONTROL NUMBER | |
| control field | 15451704 |
| 005 - DATE AND TIME OF LATEST TRANSACTION | |
| control field | 20240818092940.0 |
| 008 - FIXED-LENGTH DATA ELEMENTS--GENERAL INFORMATION | |
| fixed length control field | 080916s2009 enkabe b 001 0 eng |
| 010 ## - | |
| -- | 2008040943 |
| 020 ## - INTERNATIONAL STANDARD BOOK NUMBER | |
| International Standard Book Number | 0521880068 |
| 020 ## - INTERNATIONAL STANDARD BOOK NUMBER | |
| International Standard Book Number | 9780521880060 |
| 035 ## - SYSTEM CONTROL NUMBER | |
| System control number | (OCoLC)231581100 |
| 040 ## - CATALOGING SOURCE | |
| Original cataloging agency | DLC |
| Transcribing agency | DLC |
| Modifying agency | BTCTA |
| -- | BAKER |
| -- | YDXCP |
| -- | BWKUK |
| -- | BWK |
| -- | BWX |
| -- | CDX |
| -- | DLC |
| 050 00 - LIBRARY OF CONGRESS CALL NUMBER | |
| Classification number | QE461 |
| Item number | .P572 2009 |
| 082 00 - DEWEY DECIMAL CLASSIFICATION NUMBER | |
| Classification number | 552.1 |
| Edition number | 22 |
| Item number | PHI |
| 100 1# - MAIN ENTRY--PERSONAL NAME | |
| Personal name | Philpotts, Anthony R. |
| Fuller form of name | (Anthony Robert), |
| Dates associated with a name | 1938- |
| 9 (RLIN) | 23456 |
| 245 10 - TITLE STATEMENT | |
| Title | Principles of Igneous and Metamorphic Petrology / |
| Statement of responsibility, etc | Anthony R. Philpotts, Jay J. Ague. |
| 250 ## - EDITION STATEMENT | |
| Edition statement | 2nd ed. |
| 260 ## - | |
| -- | Cambridge, UK ; |
| -- | New York : |
| -- | Cambridge University Press, 2009 |
| -- | 2009. |
| 300 ## - PHYSICAL DESCRIPTION | |
| Extent | xviii, 667 p. : |
| Other physical details | ill., maps, plans ; |
| Dimensions | 29 cm. |
| 336 ## - CONTENT TYPE | |
| Source | rdacontent |
| Content type term | text |
| Content type code | txt |
| 337 ## - MEDIA TYPE | |
| Media type term | unmediated |
| Source | rdamedia |
| Media type code | n |
| 338 ## - CARRIER TYPE | |
| Carrier type term | volume |
| Carrier type code | nc |
| Source | rdacarrier |
| 504 ## - BIBLIOGRAPHY, ETC. NOTE | |
| Bibliography, etc | Includes bibliographical references (p. 618-644) and index. |
| 650 #0 - SUBJECT ADDED ENTRY--TOPICAL TERM | |
| Topical term or geographic name as entry element | Igneous rocks. |
| 9 (RLIN) | 23457 |
| 650 #0 - SUBJECT ADDED ENTRY--TOPICAL TERM | |
| Topical term or geographic name as entry element | Metamorphic rocks. |
| 9 (RLIN) | 23458 |
| 650 #0 - SUBJECT ADDED ENTRY--TOPICAL TERM | |
| Topical term or geographic name as entry element | Petrology. |
| 9 (RLIN) | 23459 |
| 653 ## - INDEX TERM--UNCONTROLLED | |
| Resource For college | |
| Arrived date list | April2011 |
| 700 1# - ADDED ENTRY--PERSONAL NAME | |
| Personal name | Ague, Jay J. |
| 9 (RLIN) | 23460 |
| 856 42 - ELECTRONIC LOCATION AND ACCESS | |
| Materials specified | Contributor biographical information |
| Uniform Resource Identifier | <a href="http://www.loc.gov/catdir/enhancements/fy0901/2008040943-b.html">http://www.loc.gov/catdir/enhancements/fy0901/2008040943-b.html</a> |
| 856 42 - ELECTRONIC LOCATION AND ACCESS | |
| Materials specified | Publisher description |
| Uniform Resource Identifier | <a href="http://www.loc.gov/catdir/enhancements/fy0901/2008040943-d.html">http://www.loc.gov/catdir/enhancements/fy0901/2008040943-d.html</a> |
| 856 41 - ELECTRONIC LOCATION AND ACCESS | |
| Materials specified | Table of contents only |
| Uniform Resource Identifier | <a href="http://www.loc.gov/catdir/enhancements/fy0901/2008040943-t.html">http://www.loc.gov/catdir/enhancements/fy0901/2008040943-t.html</a> |
| 942 ## - ADDED ENTRY ELEMENTS (KOHA) | |
| Source of classification or shelving scheme | Dewey Decimal Classification |
| Koha item type | Book - Borrowing |
| Classification part | RDA-MOD |
| Withdrawn status | Lost status | Source of classification or shelving scheme | Damaged status | Not for loan | Collection code | Home library | Current library | Shelving location | Date acquired | Source of acquisition | Cost, normal purchase price | Serial Enumeration / chronology | Total Checkouts | Total Renewals | Full call number | Barcode | Date last seen | Date checked out | Price effective from | Koha item type |
|---|---|---|---|---|---|---|---|---|---|---|---|---|---|---|---|---|---|---|---|---|
| Dewey Decimal Classification | Arab Oasis | Central Library | Central Library | First floor | 28/04/2011 | 240.00 | 72 | 1 | 1 | 552.1 PHI | 000023435 | 15/07/2025 | 10/04/2017 | 28/04/2011 | Book - Borrowing |